| 000 | 004770000a22002050004500 | ||
|---|---|---|---|
| 999 |
_c48757 _d48757 |
||
| 001 | 1598 | ||
| 003 | CO-MdFUSB | ||
| 005 | 20171108175735.0 | ||
| 008 | 171108b xxu||||| |||| 00| 0 eng d | ||
| 020 | _a958-04-7532-6 | ||
| 040 | _cCO-MdBIC | ||
| 082 | 0 | 4 | _a863N M984i |
| 100 | 1 | _aMutis, Alvaro | |
| 245 | 1 | 0 | _aIlona llega con la lluvia / Alvaro Mutis |
| 250 | _a2a ed. | ||
| 260 | _aBogotá : Norma | ||
| 300 | _a212 P. | ||
| 650 | 1 | 4 | _aNovela colombiana |
| 942 | _cLGB | ||